Landes-Regierungsblatt für das Königreich Ungarn

Bibliographic Details
Format: Serial
Language:German
PhysicalDescription:zv. cm
Published: Ofen Universitätsbuchdruckerei 1856

MARC

LEADER 00000cas a2200000 a 4500
001 vtls001347403
003 SK-MaSNL
005 20260221113011.0
008 180126duuuuuuuuxx x 0 0 0ger c
035 |a SNK000300664 
040 |a SNK  |b slo  |c SNK  |e AACR2 
041 0 |a ger 
245 0 0 |a Landes-Regierungsblatt für das Königreich Ungarn 
260 |a Ofen  |b Universitätsbuchdruckerei  |c 1856 
300 |a zv.  |c cm 
910 |a snk 
999 |c 1497  |d 3427 
952 |0 0  |1 1  |4 0  |7 0  |8 5  |a SNK  |b SNK  |d 1998-11-03  |i snkF 1553/98  |l 0  |o snkČB 3148/A/7/1856/2  |p 17A0165733  |r 2005-01-02 00:00:00  |w 2026-02-21  |y PREZ